000 00657nam a2200277Ia 4500
005 20260324123751.0
008 008 260324s9999 xx 000 0 eng d
020 _a9780429252334
037 _aEBOOK
040 _aCRL
040 _beng
040 _cCRL
041 _2eng
041 _aeng
084 _qCRL
100 _aCarole Guinane; Noreen Davis
_91171574
245 0 _aImproving Quality in Outpatient Services
260 _bTaylor and Francis
260 _c2011
365 _a
365 _b120
856 _uhttp://www.taylorfrancis.com/books/9780429252334
942 _cEBOOK
999 _c1765370
_d1765370